The Reconstruction of Religious thought in Islam (Record no. 16872)

000 -LEADER
fixed length control field 00256nam a22000977a 4500
003 - CONTROL NUMBER IDENTIFIER
control field ASAB
005 - DATE AND TIME OF LATEST TRANSACTION
control field 20171027105105.0
008 - FIXED-LENGTH DATA ELEMENTS--GENERAL INFORMATION
fixed length control field 140109t xxu||||| |||| 00| 0 eng d
040 ## - CATALOGING SOURCE
Transcribing agency ASAB
082 ## - DEWEY DECIMAL CLASSIFICATION NUMBER
Classification number 297.2
100 ## - MAIN ENTRY--PERSONAL NAME
Personal name Allama Muhammad Iqbal
9 (RLIN) 609
245 ## - TITLE STATEMENT
Title The Reconstruction of Religious thought in Islam
300 ## - PHYSICAL DESCRIPTION
Extent 150 P
942 ## - ADDED ENTRY ELEMENTS (KOHA)
Source of classification or shelving scheme
Koha item type Book
Holdings
Withdrawn status Lost status Source of classification or shelving scheme Damaged status Not for loan Collection code Permanent Location Current Location Date acquired Total Checkouts Full call number Barcode Date last seen Price effective from Koha item type
            Atta-ur-Rahman School of Applied Biosciences (ASAB) Atta-ur-Rahman School of Applied Biosciences (ASAB) 01/09/2014   297.2 Iqb ASAB2807 01/09/2014 01/09/2014 Book
            Atta-ur-Rahman School of Applied Biosciences (ASAB) Atta-ur-Rahman School of Applied Biosciences (ASAB) 01/09/2014   297.2 Iqb ASAB2806 01/09/2014 01/09/2014 Book
            Atta-ur-Rahman School of Applied Biosciences (ASAB) Atta-ur-Rahman School of Applied Biosciences (ASAB) 01/09/2014   297.2 Iqb ASAB2805 01/14/2022 01/09/2014 Book
            Atta-ur-Rahman School of Applied Biosciences (ASAB) Atta-ur-Rahman School of Applied Biosciences (ASAB) 01/09/2014   297.2 Iqb ASAB2804 01/09/2014 01/09/2014 Book
            Atta-ur-Rahman School of Applied Biosciences (ASAB) Atta-ur-Rahman School of Applied Biosciences (ASAB) 01/09/2014   297.2 Iqb ASAB2803 10/27/2017 01/09/2014 Book
© 2023 Central Library, National University of Sciences and Technology. All Rights Reserved.